00663nam a22002291i 45000010005000000100015000050210018000201000041000381010008000791020007000872000106000942050012002002100037002122150025002492250028002746060032003026750010003347020029003447020025003737020023003988010012004218454 a9724118002 aPTb103645/96 a20170304u u u0frey50 ba apor aPT1 fJoëlle BarnabéaOs coelhinhos... descobrem o campogAdapt. Joëlle Barnabégil. Sylvie Rainaud a1ª ed. aRio TintocEdições Asad1996 cil.d23 cma[18] p.  aOs coelhinhos descobrem aHistórias para crianças a087.5 4010aBarnabébJoëlle 4440aRainaudbSylvie 4730aTellesbAlice aPTgRPC